Normal view
MARC view
- Mehmood ,Sabeel
Entry Personal Name
001 - CONTROL NUMBER
- control field: 122300
003 - CONTROL NUMBER IDENTIFIER
- control field: NUST
005 - DATE AND TIME OF LATEST TRANSACTION
- control field: 20240415102218.0
008 - FIXED-LENGTH DATA ELEMENTS
- fixed length control field: 240415|| aca||aabn | a|a d
040 ## - CATALOGING SOURCE
- Original cataloging agency: NUST
- Transcribing agency: NUST
100 ## - HEADING--PERSONAL NAME
- Personal name: Mehmood ,Sabeel
670 ## - SOURCE DATA FOUND
- Source citation: Work cat.: (NUST): Mehmood ,Sabeel, Modeling and FE Simulation of tool wear mechanism in single point turning of Titanium alloy i.e. Ti6Al4V under various conditions /
